000
00300nam a22001097a 4500
041
_a
ENG
245
_a
Water Management For Sustainable Agricult -Problems And Perspectives For The 21st Century
260
_a
New Delhi
_b
Water Technology
_c
1998
300
_a
516
650
_a
IDE
856
_u
IDE ( 18 )
999
_c
1503
_d
1503